000 00444nam a2200181Ia 4500
001 16027
005 20260306170239.0
008 260306t2014||||xx |||||||||||||| ||und||
041 _aESP
082 _a346.52
_bR35 T. 2
100 _aReglero Campos, L. Fernando
_eAUT
245 0 _aTratado de responsabilidad civil
260 _c2014
300 _a2144 páginas :
_c24 cm.
650 _aGEN
654 _aCDE
942 _cLIB
_dJUS
_fJUS
_2ddc
_n
999 _c16027
_d16027